Fire Emblem Playable Characters - N - Statistics

General Stats
  • This quiz has been taken 100 times
    60 since last reset
  • The average score is 25 of 39
Answer Stats
Answer % Correct
Nil
100%
Nina
100%
Nel
95%
Niles
89%
Nah
79%
Ninian
79%
Nino
79%
Nowi
79%
Nyna
79%
Nyx
79%
Nils
74%
Nolan
74%
Naesala
68%
Naga
68%
Nagi
68%
Nailah
68%
Nanna
68%
Níðhöggr
68%
Norne
68%
Nótt
68%
Narcian
63%
Neimi
63%
Nephenee
63%
Nergal
63%
Nichol
58%
Nifl
58%
Natasha
53%
Nealuchi
53%
Niðavellir
53%
Noah
53%
Nomah
53%
Naoise
47%
Niime
47%
Noire
47%
Nuibaba
47%
Nasir
42%
Nerþuz
32%
Navarre
26%
Nemesis
21%
No matching quizzes found
Score Distribution
Percent of People with Each Score
Percentile by Number Answered
Your Score History
You have not taken this quiz since the last reset